|
|
|
|
| LEADER |
00000nam0a2200000 4500 |
| 001 |
339143 |
| 005 |
20260421144730.0 |
| 010 |
|
|
|b 500
|
| 035 |
|
|
|a (RuTPU)RU\TPU\book\365651
|
| 090 |
|
|
|a 339143
|
| 100 |
|
|
|a 20171212d1968 k y0rusy50 ca
|
| 101 |
0 |
|
|a rus
|
| 102 |
|
|
|a RU
|
| 105 |
|
|
|a af j 000zy
|
| 200 |
1 |
|
|a Руководство к лабораторным работам по аналоговым вычислительным машинам
|f Томский политехнический институт (ТПИ), Факультет автоматики и вычислительной техники ; сост. И. Г. Смышляева, А. А. Терещенко ; под ред. Н. В. Трихановой
|
| 210 |
|
|
|a Томск
|c Изд-во ТПИ
|d 1968
|
| 215 |
|
|
|a 199 с.
|c ил.
|e 6 вкл. л.
|
| 606 |
1 |
|
|a Аналоговые вычислительные машины
|x Контроль
|2 stltpush
|3 (RuTPU)RU\TPU\subj\29015
|9 52432
|
| 610 |
1 |
|
|a лабораторные работы
|
| 610 |
1 |
|
|a аналоговые вычислительные машины
|
| 610 |
1 |
|
|a труды учёных ТПУ
|
| 610 |
1 |
|
|a учебные пособия
|
| 610 |
1 |
|
|a вычислительная техника
|
| 610 |
1 |
|
|a ЭВМ
|
| 610 |
1 |
|
|a коллекция ТПУ
|
| 675 |
|
|
|a 681.332(076.5)
|v 4
|
| 702 |
|
1 |
|a Смышляева
|b И. Г.
|g Ирина Геннадьевна
|4 220
|
| 702 |
|
1 |
|a Терещенко
|b А. А.
|4 220
|
| 702 |
|
1 |
|a Триханова
|b Н. В.
|c специалист в области вычислительной техники
|c доцент Томского политехнического университета, кандидат технических наук
|f 1936-
|g Наталья Викторовна
|y Томск
|4 340
|9 89246
|
| 712 |
0 |
2 |
|a Томский политехнический институт (ТПИ)
|b Факультет автоматики и вычислительной техники
|c (1944-1991)
|3 (RuTPU)RU\TPU\col\1123
|
| 801 |
|
1 |
|a RU
|b 63413507
|c 20171212
|
| 801 |
|
2 |
|a RU
|b 63413507
|c 20200525
|g RCR
|
| 942 |
|
|
|c BK
|